[Event "DVM U16w 2023"]
[Site "Magdeburg GER"]
[Date "2023.12.28"]
[Round "4"]
[White "Krasikova, Milana"]
[Black "Brandt, Hilda"]
[Result "0-1"]
[Termination "normal"]
[Board "6.4"]
[WhiteElo "1290"]
[BlackElo "836"]
[WhiteClock "00:23:01"]
[BlackClock "01:20:53"]
[WhiteTeam "Hamburger SK 1830"]
[BlackTeam "SG Porz 2"]
[PlyCount "42"]
[WhiteFideId "16287347"]
[BlackFideId "34636447"]
[EventCountry "GER"]
[EventRounds "7"]
[EventType "team-swiss"]
[EventDate "2023.12.26"]

1. e4 {[%clk 01:30:59]} c5 {[%clk 01:30:47]} {[%emt 00:00:14]} 2. Nf3 {[%clk
01:31:21]} {[%emt 00:00:08]} d6 {[%clk 01:30:58]} {[%emt 00:00:19]} 3. Nc3
{[%clk 01:30:39]} {[%emt 00:01:11]} Nf6 {[%clk 01:31:16]} {[%emt 00:00:13]} 4.
Bb5+ {[%clk 01:29:02]} {[%emt 00:02:07]} Bd7 {[%clk 01:31:15]} {[%emt
00:00:31]} 5. Bc4 {[%clk 01:24:23]} {[%emt 00:05:09]} g6 {[%clk 01:30:52]}
{[%emt 00:00:52]} 6. O-O {[%clk 01:17:51]} {[%emt 00:07:03]} Bg7 {[%clk
01:29:00]} {[%emt 00:02:22]} 7. d3 {[%clk 01:17:10]} {[%emt 00:01:12]} O-O
{[%clk 01:29:07]} {[%emt 00:00:21]} 8. Re1 {[%clk 01:15:34]} {[%emt 00:02:08]}
Nc6 {[%clk 01:28:45]} {[%emt 00:00:51]} 9. Bg5 {[%clk 01:10:21]} {[%emt
00:05:43]} Qb6 {[%clk 01:25:57]} {[%emt 00:03:19]} 10. Rb1 {[%clk 01:04:40]}
{[%emt 00:06:10]} h6 {[%clk 01:24:33]} {[%emt 00:01:55]} 11. Be3 {[%clk
01:04:38]} {[%emt 00:00:31]} g5 {[%clk 01:23:56]} {[%emt 00:01:03]} 12. Qd2
{[%clk 01:02:57]} {[%emt 00:02:16]} Nd4 {[%clk 01:23:29]} {[%emt 00:00:54]} 13.
h4 {[%clk 00:58:42]} {[%emt 00:04:46]} Bh3 {[%clk 01:21:47]} {[%emt 00:02:09]}
14. hxg5 {[%clk 00:56:25]} {[%emt 00:02:51]} hxg5 {[%clk 01:21:35]} {[%emt
00:00:42]} 15. Nxg5 {[%clk 00:54:17]} {[%emt 00:02:37]} Bd7 {[%clk 01:21:27]}
{[%emt 00:00:36]} 16. Nh3 {[%clk 00:44:14]} {[%emt 00:10:36]} Bxh3 {[%clk
01:21:27]} {[%emt 00:00:29]} 17. Bxd4 {[%clk 00:31:01]} {[%emt 00:13:45]} cxd4
{[%clk 01:21:33]} {[%emt 00:00:23]} 18. gxh3 {[%clk 00:27:26]} {[%emt
00:04:04]} dxc3 {[%clk 01:21:32]} {[%emt 00:00:32]} 19. Qxc3 {[%clk 00:26:04]}
{[%emt 00:01:52]} Nxe4 {[%clk 01:20:42]} {[%emt 00:01:20]} 20. Qb3 {[%clk
00:22:38]} {[%emt 00:03:57]} Qxf2+ {[%clk 01:20:46]} {[%emt 00:00:22]} 21. Kh1
{[%clk 00:23:01]} {[%emt 00:00:11]} Ng3# {[%clk 01:20:53]} {[%emt 00:00:23]}
0-1

[Event "DVM U16w 2023"]
[Site "Magdeburg GER"]
[Date "2023.12.28"]
[Round "4"]
[White "Bakó, Isabella"]
[Black "Gerlach, Lorena"]
[Result "1-0"]
[Termination "normal"]
[Board "7.1"]
[WhiteElo "1399"]
[BlackElo "1183"]
[WhiteClock "00:04:53"]
[BlackClock "00:12:23"]
[WhiteTeam "SV Stuttgart-Wolfbusch 1956"]
[BlackTeam "SchachAkademiePaderborn"]
[PlyCount "99"]
[WhiteFideId "16287266"]
[BlackFideId "34605738"]
[EventCountry "GER"]
[EventRounds "7"]
[EventType "team-swiss"]
[EventDate "2023.12.26"]

1. d4 {[%clk 01:30:56]} {[%emt 00:00:03]} e6 {[%clk 01:30:34]} {[%emt
00:00:26]} 2. Nf3 {[%clk 01:30:56]} {[%emt 00:00:30]} d5 {[%clk 01:30:37]}
{[%emt 00:00:28]} 3. e3 {[%clk 01:31:11]} {[%emt 00:00:15]} Nf6 {[%clk
01:30:39]} {[%emt 00:00:27]} 4. Bd3 {[%clk 01:31:13]} {[%emt 00:00:27]} c5
{[%clk 01:29:30]} {[%emt 00:01:40]} 5. b3 {[%clk 01:31:24]} {[%emt 00:00:18]}
Nc6 {[%clk 01:27:25]} {[%emt 00:02:36]} 6. Nbd2 {[%clk 01:30:14]} {[%emt
00:01:39]} Be7 {[%clk 01:25:42]} {[%emt 00:02:13]} 7. Bb2 {[%clk 01:30:22]}
{[%emt 00:00:22]} O-O {[%clk 01:23:53]} {[%emt 00:02:19]} 8. O-O {[%clk
01:30:09]} {[%emt 00:00:43]} a6 {[%clk 01:20:14]} {[%emt 00:04:09]} 9. Ne5
{[%clk 01:24:15]} {[%emt 00:06:26]} Qc7 {[%clk 01:18:44]} {[%emt 00:01:58]} 10.
f4 {[%clk 01:22:34]} {[%emt 00:02:12]} Nd7 {[%clk 01:16:01]} {[%emt 00:03:12]}
11. Rf3 {[%clk 01:16:46]} {[%emt 00:06:18]} f6 {[%clk 01:12:59]} {[%emt
00:03:32]} 12. Rh3 {[%clk 00:57:04]} {[%emt 00:20:13]} f5 {[%clk 01:08:33]}
{[%emt 00:04:56]} 13. Nxd7 {[%clk 00:46:27]} {[%emt 00:11:06]} Qxd7 {[%clk
01:05:51]} {[%emt 00:03:12]} 14. Qh5 {[%clk 00:42:10]} {[%emt 00:04:48]} h6
{[%clk 01:04:32]} {[%emt 00:01:48]} 15. Rg3 {[%clk 00:39:48]} {[%emt 00:02:51]}
Bf6 {[%clk 01:03:45]} {[%emt 00:01:17]} 16. Nf3 {[%clk 00:36:37]} {[%emt
00:03:43]} Qf7 {[%clk 01:01:30]} {[%emt 00:02:43]} 17. Qxh6 {[%clk 00:35:11]}
{[%emt 00:01:57]} Bd7 {[%clk 00:52:24]} {[%emt 00:09:37]} 18. Qh3 {[%clk
00:32:23]} {[%emt 00:03:17]} Be8 {[%clk 00:52:02]} {[%emt 00:00:53]} 19. Ng5
{[%clk 00:30:30]} {[%emt 00:02:23]} Qh5 {[%clk 00:48:17]} {[%emt 00:04:11]} 20.
Qxh5 {[%clk 00:29:39]} {[%emt 00:01:24]} Bxh5 {[%emt 00:00:15]} 21. Nxe6 {[%clk
00:29:47]} {[%emt 00:00:20]} Rf7 {[%clk 00:48:00]} {[%emt 00:01:01]} 22. Nxc5
{[%clk 00:29:53]} {[%emt 00:00:26]} g6 {[%clk 00:44:45]} {[%emt 00:03:46]} 23.
Bxf5 {[%clk 00:24:56]} {[%emt 00:05:28]} Kh7 {[%clk 00:42:43]} {[%emt
00:02:30]} 24. Be6 {[%clk 00:24:16]} {[%emt 00:01:11]} Re7 {[%clk 00:41:09]}
{[%emt 00:02:05]} 25. Bxd5 {[%clk 00:23:09]} {[%emt 00:01:36]} Ra7 {[%clk
00:32:26]} {[%emt 00:09:09]} 26. Nd3 {[%clk 00:20:51]} {[%emt 00:02:52]} Be2
{[%clk 00:28:14]} {[%emt 00:04:43]} 27. Re1 {[%clk 00:18:37]} {[%emt 00:02:42]}
Bxd3 {[%clk 00:28:18]} {[%emt 00:00:28]} 28. cxd3 {[%clk 00:18:59]} {[%emt
00:00:08]} Kg7 {[%clk 00:27:46]} {[%emt 00:01:03]} 29. Rf3 {[%clk 00:18:04]}
{[%emt 00:01:25]} Nb4 {[%clk 00:26:55]} {[%emt 00:01:19]} 30. Be4 {[%clk
00:17:50]} {[%emt 00:00:45]} Nxa2 {[%clk 00:19:25]} {[%emt 00:07:59]} 31. Ra1
{[%clk 00:17:30]} {[%emt 00:00:52]} Rxe4 {[%clk 00:18:26]} {[%emt 00:01:30]}
32. dxe4 {[%clk 00:17:41]} {[%emt 00:00:18]} Nb4 {[%clk 00:18:44]} {[%emt
00:00:10]} 33. e5 {[%clk 00:17:05]} {[%emt 00:01:08]} Bd8 {[%clk 00:18:56]}
{[%emt 00:00:17]} 34. Bc3 {[%clk 00:14:21]} {[%emt 00:03:15]} Nd5 {[%clk
00:18:12]} {[%emt 00:01:12]} 35. Ba5 {[%clk 00:13:46]} {[%emt 00:01:04]} b6
{[%clk 00:17:29]} {[%emt 00:01:15]} 36. Be1 {[%clk 00:13:56]} {[%emt 00:00:20]}
a5 {[%clk 00:17:13]} {[%emt 00:00:46]} 37. e4 {[%clk 00:13:50]} {[%emt
00:00:36]} Nc7 {[%clk 00:16:52]} {[%emt 00:00:51]} 38. d5 {[%clk 00:13:45]}
{[%emt 00:00:35]} Nb5 {[%clk 00:16:58]} {[%emt 00:00:25]} 39. Bf2 {[%clk
00:13:12]} {[%emt 00:01:03]} Rb7 {[%clk 00:15:19]} {[%emt 00:02:08]} 40. d6
{[%clk 00:12:56]} {[%emt 00:00:47]} Kf7 {[%clk 00:15:01]} {[%emt 00:00:47]} 41.
f5 {[%clk 00:07:04]} {[%emt 00:06:22]} gxf5 {[%clk 00:15:16]} {[%emt 00:00:15]}
42. exf5 {[%clk 00:06:57]} {[%emt 00:00:36]} Ke8 {[%clk 00:15:18]} {[%emt
00:00:29]} 43. Rh3 {[%clk 00:06:27]} {[%emt 00:01:00]} Rf7 {[%clk 00:14:47]}
{[%emt 00:01:01]} 44. Rh8+ {[%clk 00:06:32]} {[%emt 00:00:24]} Rf8 {[%clk
00:15:10]} {[%emt 00:00:08]} 45. Rxf8+ {[%clk 00:06:56]} {[%emt 00:00:06]} Kxf8
{[%clk 00:15:31]} {[%emt 00:00:09]} 46. d7 {[%clk 00:06:47]} {[%emt 00:00:39]}
Nc3 {[%clk 00:15:00]} {[%emt 00:01:00]} 47. e6 {[%clk 00:05:41]} {[%emt
00:01:37]} Bf6 {[%clk 00:15:10]} {[%emt 00:00:20]} 48. Kf1 {[%clk 00:05:35]}
{[%emt 00:00:36]} Nd5 {[%clk 00:12:43]} {[%emt 00:02:57]} 49. Bd4 {[%clk
00:05:00]} {[%emt 00:01:03]} Bd8 {[%clk 00:12:23]} {[%emt 00:00:51]} 50. Rc1
{[%clk 00:04:53]} {[%emt 00:00:35]} 1-0

[Event "DVM U16w 2023"]
[Site "Magdeburg GER"]
[Date "2023.12.28"]
[Round "4"]
[White "Schmidt, Sophie"]
[Black "Gruber, Florentine"]
[Result "0-1"]
[Termination "normal"]
[Board "7.3"]
[WhiteElo "1167"]
[BlackElo "1168"]
[WhiteClock "00:37:29"]
[BlackClock "00:10:37"]
[WhiteTeam "SV Stuttgart-Wolfbusch 1956"]
[BlackTeam "SchachAkademiePaderborn"]
[PlyCount "110"]
[WhiteFideId "34682503"]
[BlackFideId "34605711"]
[EventCountry "GER"]
[EventRounds "7"]
[EventType "team-swiss"]
[EventDate "2023.12.26"]

1. d4 {[%clk 01:30:59]} Nf6 {[%clk 01:30:42]} {[%emt 00:00:19]} 2. Nf3 {[%clk
01:31:19]} {[%emt 00:00:09]} g6 {[%clk 01:31:02]} {[%emt 00:00:12]} 3. Bf4
{[%clk 01:31:38]} {[%emt 00:00:10]} Bg7 {[%clk 01:31:24]} {[%emt 00:00:09]} 4.
e3 {[%clk 01:31:43]} {[%emt 00:00:24]} d5 {[%clk 01:31:45]} {[%emt 00:00:09]}
5. Be2 {[%clk 01:31:59]} {[%emt 00:00:14]} O-O {[%clk 01:32:04]} {[%emt
00:00:11]} 6. O-O {[%clk 01:32:09]} {[%emt 00:00:19]} c5 {[%clk 01:30:49]}
{[%emt 00:01:46]} 7. c3 {[%clk 01:30:51]} {[%emt 00:01:48]} Nc6 {[%clk
01:27:55]} {[%emt 00:03:23]} 8. h3 {[%clk 01:29:04]} {[%emt 00:02:19]} a6
{[%clk 01:24:28]} {[%emt 00:03:56]} 9. Nbd2 {[%clk 01:24:33]} {[%emt 00:05:01]}
cxd4 {[%clk 01:19:54]} {[%emt 00:05:04]} 10. exd4 {[%clk 01:23:48]} {[%emt
00:01:16]} Re8 {[%clk 01:18:25]} {[%emt 00:02:00]} 11. Nb3 {[%clk 01:18:43]}
{[%emt 00:05:35]} Nh5 {[%clk 01:14:44]} {[%emt 00:04:10]} 12. Bh2 {[%clk
01:17:12]} {[%emt 00:02:01]} Nf6 {[%clk 01:02:14]} {[%emt 00:13:00]} 13. Re1
{[%clk 01:12:16]} {[%emt 00:05:27]} Nd7 {[%clk 00:58:15]} {[%emt 00:04:29]} 14.
Rc1 {[%clk 00:46:33]} {[%emt 00:26:14]} e5 {[%clk 00:53:55]} {[%emt 00:04:49]}
15. Nxe5 {[%clk 00:45:56]} {[%emt 00:01:06]} Ndxe5 {[%clk 00:54:12]} {[%emt
00:00:12]} 16. Bxe5 {[%clk 00:46:09]} {[%emt 00:00:17]} Nxe5 {[%clk 00:54:19]}
{[%emt 00:00:24]} 17. dxe5 {[%clk 00:46:33]} {[%emt 00:00:06]} Rxe5 {[%clk
00:51:36]} {[%emt 00:03:13]} 18. Bf3 {[%clk 00:46:10]} {[%emt 00:00:54]} Rxe1+
19. Qxe1 {[%clk 00:46:26]} Be6 {[%clk 00:39:34]} {[%emt 00:06:15]} 20. Rd1
{[%clk 00:44:16]} {[%emt 00:02:40]} Qg5 {[%clk 00:31:40]} {[%emt 00:08:25]} 21.
Qd2 {[%clk 00:44:15]} {[%emt 00:00:30]} Qxd2 {[%clk 00:30:42]} {[%emt
00:01:28]} 22. Rxd2 {[%clk 00:44:38]} {[%emt 00:00:07]} Re8 {[%clk 00:27:52]}
{[%emt 00:03:20]} 23. Nc5 {[%clk 00:43:27]} {[%emt 00:01:42]} Re7 {[%clk
00:27:21]} {[%emt 00:01:01]} 24. Kf1 {[%clk 00:43:27]} {[%emt 00:00:30]} d4
{[%clk 00:20:48]} {[%emt 00:07:03]} 25. cxd4 {[%clk 00:43:06]} {[%emt
00:00:52]} Bc4+ {[%clk 00:20:06]} {[%emt 00:01:10]} 26. Be2 {[%clk 00:42:09]}
{[%emt 00:01:28]} Bxa2 {[%clk 00:17:59]} {[%emt 00:02:37]} 27. b3 {[%clk
00:42:08]} {[%emt 00:00:31]} Bb1 {[%clk 00:17:29]} {[%emt 00:01:00]} 28. Bf3
{[%clk 00:42:23]} {[%emt 00:00:15]} Bh6 {[%clk 00:16:31]} {[%emt 00:01:28]} 29.
Re2 {[%clk 00:41:53]} {[%emt 00:01:00]} Rc7 {[%clk 00:15:51]} {[%emt 00:01:10]}
30. Re8+ {[%clk 00:40:50]} {[%emt 00:01:34]} Kg7 {[%emt 00:00:43]} 31. Bxb7
{[%clk 00:40:53]} {[%emt 00:00:24]} Bd3+ {[%clk 00:13:41]} {[%emt 00:02:25]}
32. Nxd3 {[%clk 00:40:43]} {[%emt 00:00:42]} Rxb7 {[%clk 00:14:07]} {[%emt
00:00:04]} 33. b4 {[%clk 00:41:02]} {[%emt 00:00:11]} Bd2 {[%clk 00:13:49]}
{[%emt 00:00:49]} 34. Ra8 {[%clk 00:40:55]} {[%emt 00:00:37]} Bxb4 {[%clk
00:12:28]} {[%emt 00:01:51]} 35. Rxa6 {[%clk 00:40:16]} {[%emt 00:01:09]} Bc3
{[%clk 00:12:34]} {[%emt 00:00:23]} 36. Rd6 {[%clk 00:40:26]} {[%emt 00:00:20]}
Re7 {[%clk 00:11:37]} {[%emt 00:01:28]} 37. f3 {[%clk 00:40:15]} {[%emt
00:00:41]} Re3 {[%clk 00:10:59]} {[%emt 00:01:00]} 38. Nc5 {[%clk 00:39:51]}
{[%emt 00:01:02]} Re1+ {[%clk 00:09:24]} {[%emt 00:02:05]} 39. Kf2 {[%clk
00:39:49]} {[%emt 00:00:32]} Rd1 {[%clk 00:09:08]} {[%emt 00:00:44]} 40. d5
{[%clk 00:39:51]} {[%emt 00:00:30]} Bd4+ {[%clk 00:09:23]} {[%emt 00:00:15]}
41. Ke2 {[%clk 00:39:32]} {[%emt 00:00:49]} Bxc5 {[%clk 00:09:11]} {[%emt
00:00:41]} 42. Rxg6+ {[%clk 00:39:30]} {[%emt 00:00:33]} Kxg6 {[%clk 00:09:20]}
{[%emt 00:00:21]} 43. Kxd1 {[%clk 00:39:51]} {[%emt 00:00:07]} Kg5 {[%clk
00:09:05]} {[%emt 00:00:45]} 44. Ke2 {[%clk 00:40:06]} {[%emt 00:00:15]} Kf4
{[%clk 00:08:57]} {[%emt 00:00:38]} 45. d6 {[%clk 00:39:52]} {[%emt 00:00:44]}
Bxd6 {[%clk 00:09:16]} {[%emt 00:00:12]} 46. Kf2 {[%clk 00:40:16]} {[%emt
00:00:06]} Bc5+ {[%clk 00:09:34]} {[%emt 00:00:12]} 47. Ke2 {[%clk 00:40:16]}
{[%emt 00:00:29]} Kg3 {[%clk 00:09:54]} {[%emt 00:00:10]} 48. Kf1 {[%clk
00:40:33]} {[%emt 00:00:12]} h5 {[%clk 00:10:08]} {[%emt 00:00:17]} 49. f4
{[%clk 00:37:21]} {[%emt 00:03:42]} Kxf4 {[%clk 00:10:13]} {[%emt 00:00:24]}
50. g3+ {[%clk 00:36:49]} {[%emt 00:01:03]} Kxg3 {[%clk 00:10:32]} {[%emt
00:00:11]} 51. h4 {[%clk 00:37:16]} {[%emt 00:00:03]} Kxh4 {[%clk 00:10:56]}
{[%emt 00:00:06]} 52. Kg2 {[%clk 00:37:42]} {[%emt 00:00:04]} Kg4 {[%clk
00:11:14]} {[%emt 00:00:12]} 53. Kh1 {[%clk 00:37:45]} {[%emt 00:00:27]} f5
{[%clk 00:11:38]} {[%emt 00:00:06]} 54. Kg2 {[%clk 00:37:30]} {[%emt 00:00:44]}
h4 {[%clk 00:11:51]} {[%emt 00:00:18]} 55. Kh1 {[%clk 00:37:29]} {[%emt
00:00:31]} Bb4 {[%clk 00:10:37]} {[%emt 00:01:44]} 0-1

[Event "DVM U16w 2023"]
[Site "Magdeburg GER"]
[Date "2023.12.28"]
[Round "4"]
[White "Achilles, Rosa"]
[Black "Friedrich, Viktoria"]
[Result "1-0"]
[Termination "normal"]
[Board "7.4"]
[WhiteElo "1190"]
[BlackElo "748"]
[WhiteClock "01:04:33"]
[BlackClock "00:22:15"]
[WhiteTeam "SchachAkademiePaderborn"]
[BlackTeam "SV Stuttgart-Wolfbusch 1956"]
[PlyCount "75"]
[WhiteFideId "34630066"]
[BlackFideId "34654569"]
[EventCountry "GER"]
[EventRounds "7"]
[EventType "team-swiss"]
[EventDate "2023.12.26"]

1. d4 {[%clk 01:30:53]} {[%emt 00:00:06]} d5 {[%clk 01:30:48]} {[%emt
00:00:14]} 2. Nf3 {[%clk 01:30:05]} {[%emt 00:01:18]} Nf6 {[%clk 01:31:01]}
{[%emt 00:00:17]} 3. g3 {[%clk 01:30:23]} {[%emt 00:00:11]} Bg4 {[%clk
01:30:33]} {[%emt 00:00:58]} 4. Bg2 {[%clk 01:30:11]} {[%emt 00:00:42]} Nc6
{[%clk 01:30:29]} {[%emt 00:00:35]} 5. h3 {[%clk 01:29:02]} {[%emt 00:01:39]}
Bf5 {[%clk 01:30:16]} {[%emt 00:00:43]} 6. O-O {[%clk 01:28:45]} {[%emt
00:00:48]} Nb4 {[%clk 01:30:00]} {[%emt 00:00:46]} 7. Na3 {[%clk 01:28:49]}
{[%emt 00:00:26]} e6 {[%clk 01:29:53]} {[%emt 00:00:37]} 8. c3 {[%clk
01:28:04]} {[%emt 00:01:15]} Nc6 {[%clk 01:29:10]} {[%emt 00:01:13]} 9. Nc2
{[%clk 01:27:24]} {[%emt 00:01:10]} Bd6 {[%clk 01:29:07]} {[%emt 00:00:31]} 10.
b3 {[%clk 01:25:20]} {[%emt 00:02:36]} O-O {[%clk 01:28:36]} {[%emt 00:01:01]}
11. c4 {[%clk 01:23:30]} {[%emt 00:02:20]} dxc4 {[%clk 01:28:30]} {[%emt
00:00:36]} 12. bxc4 {[%clk 01:23:06]} {[%emt 00:00:54]} Qe7 {[%clk 01:18:00]}
{[%emt 00:11:00]} 13. c5 {[%clk 01:22:57]} {[%emt 00:00:39]} Nd5 {[%clk
01:12:12]} {[%emt 00:06:18]} 14. cxd6 {[%clk 01:21:38]} {[%emt 00:01:48]} Qxd6
{[%clk 01:12:06]} {[%emt 00:00:36]} 15. Ne3 {[%clk 01:17:54]} {[%emt 00:04:14]}
Nc3 {[%clk 01:08:58]} {[%emt 00:03:39]} 16. Nxf5 {[%clk 01:16:10]} {[%emt
00:02:14]} exf5 {[%clk 01:08:51]} {[%emt 00:00:38]} 17. Qd3 {[%clk 01:15:35]}
{[%emt 00:01:05]} Qb4 {[%clk 01:05:32]} {[%emt 00:03:44]} 18. Bd2 {[%clk
01:14:52]} {[%emt 00:01:18]} f4 {[%clk 00:55:03]} {[%emt 00:10:59]} 19. Qxc3
{[%clk 01:14:22]} {[%emt 00:00:59]} Qd6 {[%clk 00:53:42]} {[%emt 00:01:52]} 20.
Bxf4 {[%clk 01:13:52]} {[%emt 00:00:58]} Qd7 {[%clk 00:48:49]} {[%emt
00:05:23]} 21. e3 {[%clk 01:12:04]} {[%emt 00:02:18]} Rae8 {[%clk 00:45:47]}
{[%emt 00:03:33]} 22. Ne5 {[%emt 00:03:30]} Qf5 {[%clk 00:42:46]} {[%emt
00:00:25]} 23. Nxc6 {[%clk 01:11:52]} {[%emt 00:00:49]} bxc6 {[%clk 00:42:42]}
{[%emt 00:00:35]} 24. Qxc6 {[%clk 01:11:55]} {[%emt 00:00:26]} Rb8 {[%clk
00:41:33]} {[%emt 00:01:38]} 25. Qe4 {[%clk 01:09:56]} {[%emt 00:02:31]} Qb5
{[%clk 00:41:16]} {[%emt 00:00:42]} 26. Bxc7 {[%clk 01:09:23]} {[%emt
00:01:07]} Rb7 {[%clk 00:40:32]} {[%emt 00:01:14]} 27. Qe5 {[%clk 01:08:58]}
{[%emt 00:00:53]} Qb2 {[%clk 00:39:55]} {[%emt 00:01:09]} 28. Bxb7 {[%clk
01:09:07]} {[%emt 00:00:21]} Qxb7 {[%clk 00:39:52]} {[%emt 00:00:33]} 29. Rab1
{[%clk 01:08:51]} {[%emt 00:00:46]} Qf3 {[%clk 00:39:06]} {[%emt 00:01:11]} 30.
Rb8 {[%clk 01:08:30]} {[%emt 00:00:56]} h6 {[%clk 00:38:54]} {[%emt 00:00:42]}
31. Rxf8+ {[%clk 01:08:14]} {[%emt 00:00:46]} Kxf8 {[%clk 00:39:06]} {[%emt
00:00:17]} 32. Rb1 {[%clk 01:06:32]} {[%emt 00:02:12]} Kg8 {[%clk 00:38:12]}
{[%emt 00:01:23]} 33. Bd6 {[%clk 01:05:12]} {[%emt 00:01:51]} Qe2 {[%clk
00:35:14]} {[%emt 00:03:24]} 34. Bf8 {[%clk 01:05:20]} {[%emt 00:00:26]} f6
{[%clk 00:34:56]} {[%emt 00:00:49]} 35. Qe6+ {[%clk 01:04:49]} {[%emt
00:01:01]} Kh7 {[%clk 00:34:16]} {[%emt 00:01:09]} 36. Qf7 {[%clk 01:04:49]}
{[%emt 00:00:30]} Qxf2+ {[%clk 00:23:12]} {[%emt 00:11:34]} 37. Kxf2 {[%clk
01:04:11]} {[%emt 00:01:08]} a5 {[%clk 00:22:15]} {[%emt 00:01:28]} 38. Qxg7#
{[%clk 01:04:33]} {[%emt 00:00:08]} 1-0